000 00574nam a22001937a 4500
003 LK-CoDNM
005 20250219134340.0
008 250219b |||||||| |||| 00| 0 eng d
040 _aLK-CoDNM
_dLK-CoDNM
_eLK-CoDNM
041 _aeng
080 _aRC
_b272
100 _aCandidus Henry
245 _aA Desultory Conversation between two young Aristocratic Ceylonese
260 _aColombo
_bThe examiner press
_c1853
300 _a23p ; 22.7 cm
650 _aA Desultory Conversation between two young Aristocratic Ceylonese
650 _aRare bok
942 _cBK
999 _c238235
_d238235